000 00812nam a22002537a 4500
999 _c14957
_d14957
003 AR-CdUCM
008 190425b ||||| |||| 00| 0 spa d
020 _a978-607-618-242-0
040 _aMUNICIPALIDAD PROVINCIAL DEL CUSCO
_cBIBLIOTECA MUNICIPAL DEL CUSCO
041 _hspa
082 _aEP / 803 /
_bS55
110 _aAuzou
_933894
245 _aLas mil y una noches :
_bLa historia de Nur al - Din y su hijo Badr, Simbad el marino /
260 _aMéxico :
_bAuzou,
_c2015.
300 _c17 cm.
_bIlustraciones,
440 _aSilver dolphin
_951609
500 _aTexto no cuenta con numeración de página.
650 _aHistoria
_951610
650 _aLiteratura infantil
_9588
650 _aInfancia
_95236
700 _aAparicio, Irene
_933907
942 _2ddc
_cLIBROS
945 _arah
_d25/04/2019